El Ingenioso Hidalgo Don Quijote de la Mancha (Record no. 2306)

MARC details
000 -CABECERA
campo de control de longitud fija 01969nam a2200349 a 4500
001 - NÚMERO DE CONTROL
campo de control BRCA_2566
005 - FECHA Y HORA DE LA ÚLTIMA TRANSACCIÓN
campo de control 20190320203853.0
008 - DATOS DE LONGITUD FIJA--INFORMACIÓN GENERAL
campo de control de longitud fija 271108s1864----sp-a---###---#000-0dspa-#
041 ## - CÓDIGO DE LENGUA
Código de lengua del texto/banda sonora o título independiente spa
044 ## - CÓDIGO DEL PAÍS DE LA ENTIDAD EDITORA/PRODUCTORA
Código MARC del país sp
084 ## - OTRO NÚMERO DE CLASIFICACIÓN
Número de clasificación 159
Número de documento/Ítem .G38
-- 1864
100 1# - ENTRADA PRINCIPAL--NOMBRE DE PERSONA
Nombre de persona Cervantes Saavedra, Miguel de
Fechas asociadas al nombre 1547-1616
9 (RLIN) 213
245 10 - MENCIÓN DE TÍTULO
Título El Ingenioso Hidalgo Don Quijote de la Mancha
Mención de responsabilidad, etc. compuesto por Miguel de Cervantes Saavedra.
260 ## - PUBLICACIÓN, DISTRIBUCIÓN, ETC.
Lugar de publicación, distribución, etc. Madrid
Nombre del editor, distribuidor, etc. Gaspar y Roig
Fecha de publicación, distribución, etc. 1864
300 ## - DESCRIPCIÓN FÍSICA
Extensión 540 p.
Otras características físicas il.
Dimensiones 27 cm.
440 #0 - MENCIÓN DE SERIE/PUNTO DE ACCESO ADICIONAL--TÍTULO
Título Biblioteca ilustrada de Gaspar y Roig
9 (RLIN) 7304
500 ## - NOTA GENERAL
Nota general Contenido : Primera parte. Dedicatoria del autor. Advertencia de los editores. Retrato de Cervantes. Prólogo del autor. Versos preliminares. Texto. Segunda parte. Documentos de la edición príncipe. Dedicatoria del autor. Prólogo del autor. Vida de Cervantes por Quintana. Texto. El Buscapié con prólogo y notas de A. de Castro
500 ## - NOTA GENERAL
Nota general Edición : Novísima edición con notas históricas, críticas y gramaticales de la Academia Española, Pellicer, Arrieta, Clemencín, Cuesta, Janer, etc. Aumantado con el Buscapié anotado por A. de Castro. Adornada con 3oo grabados intercalados, láminas sueltas y el retrato del autor grabado en acero
500 ## - NOTA GENERAL
Nota general Ejemplar igual al LO-159 Lúdovik Osterc
650 14 - PUNTO DE ACCESO ADICIONAL DE MATERIA--TÉRMINO DE MATERIA
Término de materia o nombre geográfico como elemento de entrada Novela española
Subdivisión cronológica Época clásica, 1500-1700
9 (RLIN) 215
650 14 - PUNTO DE ACCESO ADICIONAL DE MATERIA--TÉRMINO DE MATERIA
Término de materia o nombre geográfico como elemento de entrada Literatura española
Subdivisión cronológica Época clásica, 1500-1700
9 (RLIN) 216
650 14 - PUNTO DE ACCESO ADICIONAL DE MATERIA--TÉRMINO DE MATERIA
Término de materia o nombre geográfico como elemento de entrada Novela española
Subdivisión cronológica Siglo XVII
9 (RLIN) 217
650 14 - PUNTO DE ACCESO ADICIONAL DE MATERIA--TÉRMINO DE MATERIA
Término de materia o nombre geográfico como elemento de entrada Don Quijote (Personaje ficticio)
Término indicativo de función/relación Novela
9 (RLIN) 218
700 1# - PUNTO DE ACCESO ADICIONAL--NOMBRE DE PERSONA
Nombre de persona Quintana, José Manuel
Fechas asociadas al nombre 1772-1857
Término indicativo de función/relación Biógrafo
9 (RLIN) 7337
700 1# - PUNTO DE ACCESO ADICIONAL--NOMBRE DE PERSONA
Nombre de persona Castro y Rossi, Adolfo de
Fechas asociadas al nombre 1823-1898
Término indicativo de función/relación Anotador
9 (RLIN) 7338
700 1# - PUNTO DE ACCESO ADICIONAL--NOMBRE DE PERSONA
Nombre de persona Pellicer y Pilares, Juan Antonio
Fechas asociadas al nombre 1738-1806
Término indicativo de función/relación Biógrafo
9 (RLIN) 7339
700 1# - PUNTO DE ACCESO ADICIONAL--NOMBRE DE PERSONA
Nombre de persona García Arrieta, Agustín
Fechas asociadas al nombre 1775-1834
Término indicativo de función/relación Anotador
9 (RLIN) 7340
700 1# - PUNTO DE ACCESO ADICIONAL--NOMBRE DE PERSONA
Nombre de persona Clemencín y Viñas, Diego
Fechas asociadas al nombre 1785-1834
Término indicativo de función/relación Anotador
9 (RLIN) 7341
740 0# - PUNTO DE ACCESO ADICIONAL--TÍTULO RELACIONADO O ANALÍTICO NO CONTROLADO
Título relacionado o analítico no controlado El Ingenioso Hidalgo Don Quijote de la Mancha
902 ## - CATALOGADOR
Iniciales QFM
942 ## - ELEMENTOS DE PUNTO DE ACCESO ADICIONAL (KOHA)
Fuente del sistema de clasificación o colocación Library of Congress Classification
Tipo de ítem Koha Libros
Holdings
Estado de retiro Estado de pérdida Estado dañado No para préstamo Localización permanente Ubicación/localización actual Fecha de adquisición Total de préstamos Signatura topográfica completa Código de barras Fecha visto por última vez Precio válido a partir de Tipo de ítem Koha
El ejemplar forma parte de la colección y puede ser consultado según las políticas vigentes.       Biblioteca del Museo Franz Mayer (Rogerio Casas-Alatriste) Biblioteca del Museo Franz Mayer (Rogerio Casas-Alatriste) 27/11/2008   159 .G38 1864 2563 22/03/2019 22/03/2019 Libros